WasteWater Engineering: (Record no. 9417)

MARC details
000 -LEADER
fixed length control field 00602nam a22002057a 4500
003 - CONTROL NUMBER IDENTIFIER
control field OSt
005 - DATE AND TIME OF LATEST TRANSACTION
control field 20240926120438.0
008 - FIXED-LENGTH DATA ELEMENTS--GENERAL INFORMATION
fixed length control field 240926b |||||||| |||| 00| 0 eng d
020 ## - INTERNATIONAL STANDARD BOOK NUMBER
International Standard Book Number 9780073401188
040 ## - CATALOGING SOURCE
Original cataloging agency DDC
Transcribing agency MUST
082 ## - DEWEY DECIMAL CLASSIFICATION NUMBER
Classification number 628.1 WAS 2019
100 ## - MAIN ENTRY--PERSONAL NAME
Personal name Metcalf... ( et al)
9 (RLIN) 19230
245 ## - TITLE STATEMENT
Title WasteWater Engineering:
Remainder of title Treatment and Resources Recovery/
Statement of responsibility, etc. Metcalf... ( et al)
250 ## - EDITION STATEMENT
Edition statement Fifth Edition.
260 ## - PUBLICATION, DISTRIBUTION, ETC. (IMPRINT)
Place of publication, distribution, etc. India:
Name of publisher, distributor, etc. PHI,
Date of publication, distribution, etc. 2019.
300 ## - PHYSICAL DESCRIPTION
Extent xiii,437p.:
Other physical details col., ill;
Dimensions 23cm.
504 ## - BIBLIOGRAPHY, ETC. NOTE
Bibliography, etc Includes Reafferences and Indexes
650 ## - SUBJECT ADDED ENTRY--TOPICAL TERM
Topical term or geographic name as entry element Physics
9 (RLIN) 809
942 ## - ADDED ENTRY ELEMENTS (KOHA)
Source of classification or shelving scheme Dewey Decimal Classification
Koha item type Open Shelf
Holdings
Withdrawn status Lost status Source of classification or shelving scheme Damaged status Not for loan Home library Current library Source of acquisition Inventory number Total Checkouts Full call number Barcode Date last seen Koha item type
    Dewey Decimal Classification     MUST Main Library MUST Main Library PURCHASE 24/42267   628.1 WAS 2019 2024-22428 26/09/2024 Open Shelf
    Dewey Decimal Classification     MUST Main Library MUST Main Library PURCHASE 24/42268   628.1 WAS 2019 2024-22432 26/09/2024 Open Shelf